Cor- Vocabulary - Statistics

General Stats
  • This quiz has been taken 11 times
  • The average score is 22 of 30
Answer Stats
Hint Answer % Correct
You'll find hundreds of this kind of species in the Great Barrier Reef. Coral
100%
Queen Elizabeth II owned over thirty of this kind of dog breed throughout her reign. Corgi
100%
Material used to seal wine bottles, created from the bark of certain trees. Cork
100%
Yellow vegetable that grows on stalks. Corn
100%
Outermost layer of the eye, helps with filtering out UV light. Cornea
100%
A square has four of these, and a circle has none. Corner
100%
Ceremony where a new monarch is crowned. Coronation
100%
Fenced-in area meant for holding livestock. Corral
100%
The central or most essential aspect of a concept. Core
91%
Herb that comes from the same plant as cilantro. Coriander
91%
Apple, Amazon, and Microsoft are examples of this. Corporation
91%
Long passageway that connects two rooms within a building. Corridor
91%
Worn around the waist to give the body an hourglass shape. Corset
91%
Tool used to remove the previous answer from the wine bottles. Corkscrew
82%
Ivy League university located in Ithaca, New York. Cornell
82%
This caused a worldwide pandemic in 2020. Coronavirus
82%
Adjectives for people, such as politicians, who abuse power for personal benefit. Corrupt
82%
Hormone produced by the body to help manage stress. Cortisol
82%
Novel about a girl who moves into a new home, with a door that takes her to her "other" parents. Coraline
73%
Can be represented by this symbol: ✓ Correct
73%
Two-seat sports car produced by General Motors, under the Chevrolet brand. Corvette
73%
Can be found inside tombs and graveyards. Corpse
64%
The rusting of iron and oxidization of copper are examples of this. Corrosion
64%
People falsely believed the Fruit of the Loom logo featured this type of basket. Cornucopia
55%
Type of water bird that does deep dives to hunt fish. Cormorant
45%
Having or relating to a physical material body. Corporeal
36%
Large and ordered collections of text or a language, meant for linguistic analysis. Corpus
36%
Outer layer of an organ or body part, such as the kidney or the brain. Cortex
27%
Parasitic fungi known to infect insects. Cordyceps
9%
Chemical compound that also goes by aluminum (III) oxide. Corundum
9%
No matching quizzes found
Score Distribution
Percent of People with Each Score
Percentile by Number Answered
Your Score History
You have not taken this quiz